000 00862cam a2200253 i 4500
001 bg
003 BPK
005 20160505122515.0
008 000616s1979 pl a |000 0 pol
015 _aPB 1979/3809
020 _a8301012315
040 _aWA N
_cBPK
041 0 _apol
080 _a913(99)(091)
100 1 _aRakusa-Suszczewski, Stanisław
_d(1938- ).
245 1 0 _aDlaczego Antarktyda? /
_cStanisław Rakusa Suszczewski.
260 _aWarszawa :
_bPańst. Wydaw. Naukowe,
_c1979.
300 _a224, 4] s., [28] k. tabl. :
_bil., mapy, portr., tab., wykr. ;
_c20 cm.
490 1 _aBiblioteka Problemów
_x0137-5032
_vt. 252.
651 4 _aAntarktyda.
830 0 _aBiblioteka Problemów,
_vt. 252.
856 _uhttp://koha.tu.koszalin.pl/cgi-bin/koha/opac-detail.pl?biblionumber=21448
_yKatalog online BPK
942 _2UKD
_cKS
999 _c21448
_d21448